000
00233nam a22000857a 4500
008
161128b xxu||||| |||| 00| 0 eng d
100
_9
1485
_a
Bernice. T
245
_a
David and the giant
260
_a
New Delhi
_b
Illinois scripture press
_c
1998
999
_c
4210
_d
4210